[Event "BUL-chT (Women) 48th"]
[Site "Sunny Beach"]
[Date "2015.06.05"]
[Round "6.2"]
[White "Trifonova, Sandra"]
[Black "Petkova, Veneta"]
[Result "1-0"]
[WhiteElo "1979"]
[BlackElo "1990"]
[PlyCount "85"]
[EventDate "2015.05.31"]
[EventType "team-tourn"]
[EventRounds "7"]
[EventCountry "BUL"]
[SourceTitle "CBM 166 Extra"]
[Source "ChessBase"]
[SourceDate "2015.06.18"]
[SourceVersion "1"]
[SourceVersionDate "2015.06.18"]
[SourceQuality "1"]
[WhiteTeam "Pleven Spartak XXI (W)"]
[BlackTeam "V Tarnovo Etar (W)"]
[WhiteTeamCountry "BUL"]
[BlackTeamCountry "BUL"]

1. d4 Nf6 2. c4 e6 3. Nf3 d5 4. Nc3 c5 5. cxd5 Nxd5 6. e4 Nxc3 7. bxc3 cxd4 8. cxd4 Bb4+ 9. Bd2 Bxd2+ 10. Qxd2 0-0 11. Bc4 b6 12. 0-0 Bb7 13. Rfe1 Nc6 14. Rad1 Na5 15. Bd3 Rc8 16. Qe2 Qe7 17. e5 Bxf3 18. Qxf3 g6 19. Qf4 Rfd8 20. Re3 Qf8 21. h4 Nc4 22. Rg3 Nb2 23. Rd2 Nxd3 24. Rdxd3 Rc2 25. a3 Rdc8 26. h5 Rc1+ 27. Kh2 Ra1 28. hxg6 hxg6 29. Rdf3 Qg7 30. Qg5 Rd1 31. Rg4 Rdc1 32. Rh4 Rf1 33. Rfh3 Rxf2 34. Rh8+ Qxh8 35. Rxh8+ Kxh8 36. Qh4+ Kg7 37. Qxf2 Rc3 38. d5 exd5 39. e6 Rc7 40. Qd4+ Kg8 41. Qxd5 Rc5 42. exf7+ Kf8 43. Qe6 1-0

[Event "BUL-chT-A (Women) 43th"]
[Site "Albena"]
[Date "2010.05.29"]
[Round "3.1"]
[White "Yordanova, Svetla"]
[Black "Trifonova, Sandra"]
[Result "1/2-1/2"]
[WhiteElo "2174"]
[BlackElo "1997"]
[PlyCount "112"]
[EventDate "2010.05.27"]
[EventType "team-tourn"]
[EventRounds "7"]
[EventCountry "BUL"]
[SourceTitle "CBM 136 Extra"]
[Source "ChessBase"]
[SourceDate "2010.07.02"]
[SourceVersion "2"]
[SourceVersionDate "2010.07.15"]
[SourceQuality "1"]
[WhiteTeam "Plovdiv Lokomotiv (W)"]
[BlackTeam "Mihail Tal (W)"]
[WhiteTeamCountry "BUL"]
[BlackTeamCountry "BUL"]

1. e4 c6 2. d4 d5 3. Nc3 dxe4 4. Nxe4 Bf5 5. Ng3 Bg6 6. N1e2 h6 7. Nf4 Bh7 8. Bc4 Nf6 9. 0-0 Nbd7 10. Re1 Nb6 11. Bb3 Nbd5 12. c4 Nxf4 13. Bxf4 Qd7 14. d5 0-0-0 15. Ba4 Qg4 16. Qxg4+ Nxg4 17. h3 g5 18. Bc1 Nf6 19. dxc6 b6 20. Be3 Bg7 21. Rad1 Bd3 22. Bb5 Ne8 23. Bc1 Nc7 24. Rxe7 Nxb5 25. cxb5 Bxb5 26. Rde1 Bxc6 27. Rxf7 Rd7 28. Rxd7 Bxd7 29. b3 Rf8 30. Be3 Kb7 31. Ne4 Bc6 32. Nd6+ Kc7 33. Nc4 Rd8 34. Rc1 Kb7 35. f3 Rd3 36. Kf2 Rd7 37. Rc2 Bd5 38. Rd2 Kc6 39. Na3 Bf8 40. Nc2 Kb7 41. Ke2 a6 42. Nd4 Bb4 43. Rc2 Re7 44. Kf2 Re5 45. Ne2 Bf7 46. Bd4 Re6 47. Rc1 Be8 48. Rc4 Bb5 49. Rc2 Bd3 50. Rb2 Rd6 51. Ke3 Bf5 52. Ng3 Re6+ 53. Ne4 Rc6 54. Re2 Ba3 55. Kf2 Re6 56. g4 Bg6 1/2-1/2

[Event "BUL-chT2 (Women)"]
[Site "Sunny Beach"]
[Date "2009.06.09"]
[Round "2.2"]
[White "Zlatanova, Emilia"]
[Black "Trifonova, Sandra"]
[Result "1/2-1/2"]
[WhiteElo "2074"]
[BlackElo "1998"]
[PlyCount "114"]
[EventDate "2009.06.08"]
[EventType "team-tourn"]
[EventRounds "6"]
[EventCountry "BUL"]
[SourceTitle "CBM 130 Extra"]
[Source "ChessBase"]
[SourceDate "2009.07.02"]
[SourceVersion "2"]
[SourceVersionDate "2009.07.15"]
[SourceQuality "1"]

1. e4 c6 2. d4 d5 3. exd5 cxd5 4. c4 Nf6 5. Nc3 g6 6. cxd5 Nbd7 7. Be2 Nb6 8. Bf3 Bg7 9. Qb3 Bf5 10. Nge2 0-0 11. 0-0 Bd3 12. Re1 Bc4 13. Qa3 Nbxd5 14. b3 Ba6 15. Bb2 Rc8 16. Rac1 Bxe2 17. Nxe2 Qb6 18. Rc4 Rcd8 19. h3 Rd7 20. Rec1 Rfd8 21. Qc5 e6 22. Qxb6 Nxb6 23. Rc7 Nfd5 24. Rxd7 Rxd7 25. Ba3 Bh6 26. Rc2 Nf4 27. Nxf4 Bxf4 28. g3 Bg5 29. Bc5 Rc7 30. Be4 f5 31. Bxb6 Rxc2 32. Bxc2 axb6 33. Bd3 Bf6 34. Bc4 Bxd4 35. Bxe6+ Kg7 36. Bd5 h6 37. Bxb7 Kf6 38. Kg2 g5 39. f4 Bc5 40. fxg5+ hxg5 41. Kf3 Ke5 42. a4 Bd4 43. Bc8 Bc5 44. Bd7 Bb4 45. h4 gxh4 46. gxh4 Kf6 47. Be8 Be1 48. h5 Kg5 49. Ke3 f4+ 50. Ke4 Bd2 51. Kd3 Be3 52. b4 Kh6 53. a5 bxa5 54. bxa5 Kg5 55. Ke4 Bf2 56. Ke5 Be3 57. a6 Ba7 1/2-1/2

[Event "BUL-ch (Women) 57th"]
[Site "Plovdiv"]
[Date "2008.03.23"]
[Round "10"]
[White "Trifonova, Sandra"]
[Black "Yordanova, Svetla"]
[Result "1/2-1/2"]
[WhiteElo "1957"]
[BlackElo "2145"]
[PlyCount "47"]
[EventDate "2008.03.14"]
[EventType "tourn"]
[EventRounds "11"]
[EventCountry "BUL"]
[SourceTitle "CBM 123 Extra"]
[Source "ChessBase"]
[SourceDate "2008.05.06"]
[SourceVersion "1"]
[SourceVersionDate "2008.05.06"]
[SourceQuality "1"]

1. d4 Nf6 2. Nf3 g6 3. g3 Bg7 4. Bg2 0-0 5. c4 c6 6. Nc3 d5 7. cxd5 cxd5 8. 0-0 Ne4 9. Bf4 Nxc3 10. bxc3 Nc6 11. Rb1 b6 12. e4 dxe4 13. Ng5 Ba6 14. Re1 e5 15. dxe5 Qxd1 16. Rbxd1 Nxe5 17. Bxe4 Rac8 18. Bd5 Nd3 19. Nxf7 Nxe1 20. Ne5+ Kh8 21. Rxe1 Rxc3 22. Nf7+ Kg8 23. Nh6+ Kh8 24. Nf7+ 1/2-1/2

[Event "BUL-ch (Women) 57th"]
[Site "Plovdiv"]
[Date "2008.03.22"]
[Round "9"]
[White "Velcheva, Maria"]
[Black "Trifonova, Sandra"]
[Result "1/2-1/2"]
[WhiteElo "2266"]
[BlackElo "1957"]
[PlyCount "92"]
[EventDate "2008.03.14"]
[EventType "tourn"]
[EventRounds "11"]
[EventCountry "BUL"]
[SourceTitle "CBM 123 Extra"]
[Source "ChessBase"]
[SourceDate "2008.05.06"]
[SourceVersion "1"]
[SourceVersionDate "2008.05.06"]
[SourceQuality "1"]

1. e4 c6 2. d4 d5 3. Nc3 dxe4 4. Nxe4 Bf5 5. Ng3 Bg6 6. h4 h6 7. Nf3 Nd7 8. h5 Bh7 9. Bd3 Bxd3 10. Qxd3 Qc7 11. Bd2 Ngf6 12. 0-0-0 e6 13. Qe2 0-0-0 14. Ne5 Nb6 15. Ba5 Bd6 16. f4 c5 17. Kb1 cxd4 18. Rxd4 Bxe5 19. Rxd8+ Rxd8 20. fxe5 Nfd7 21. Bc3 Nc4 22. Qg4 g5 23. hxg6 Ndxe5 24. Qe2 Nxg6 25. Ne4 Nf4 26. Qf2 a6 27. b3 Na3+ 28. Kb2 Nb5 29. Bf6 Rg8 30. g3 Nd5 31. Rxh6 Nxf6 32. Qxf6 Nd6 33. Rh8 Rxh8 34. Qxh8+ Kd7 35. Nf6+ Kc6 36. Qh1+ Kb6 37. Qg1+ Kc6 38. Qg2+ Kb6 39. Qf2+ Kc6 40. Qf3+ Kb6 41. Qe3+ Kc6 42. Qc3+ Kb6 43. Qd4+ Kc6 44. Qc3+ Kb6 45. Qd4+ Kc6 46. Qc3+ Kb6 1/2-1/2

[Event "BUL-ch (Women) 57th"]
[Site "Plovdiv"]
[Date "2008.03.19"]
[Round "6"]
[White "Trifonova, Sandra"]
[Black "Nikolova, Adriana"]
[Result "1-0"]
[WhiteElo "1957"]
[BlackElo "2194"]
[PlyCount "93"]
[EventDate "2008.03.14"]
[EventType "tourn"]
[EventRounds "11"]
[EventCountry "BUL"]
[SourceTitle "CBM 123 Extra"]
[Source "ChessBase"]
[SourceDate "2008.05.06"]
[SourceVersion "1"]
[SourceVersionDate "2008.05.06"]
[SourceQuality "1"]

1. d4 Nf6 2. Nf3 e6 3. c4 b6 4. g3 Ba6 5. b3 Bb7 6. Bg2 Bb4+ 7. Bd2 a5 8. 0-0 0-0 9. a3 Be7 10. Bc3 Ne4 11. Bb2 d6 12. Nfd2 f5 13. Nxe4 fxe4 14. d5 exd5 15. cxd5 Bf6 16. Bd4 c5 17. dxc6 Nxc6 18. Bxe4 Bxd4 19. Bxc6 Bxa1 20. Bxb7 Ra7 21. Bd5+ Kh8 22. Nd2 Bd4 23. Ne4 Bc5 24. a4 h6 25. Kg2 Re7 26. Qd3 Ba3 27. f4 Qe8 28. f5 Qh5 29. Be6 d5 30. Nc3 Rd8 31. Rf4 g5 32. Rd4 g4 33. e4 Bc5 34. Rxd5 Rxd5 35. Nxd5 Rxe6 36. fxe6 Qg5 37. Nf4 Be7 38. Qd7 Qf6 39. e5 Qf5 40. Qe8+ Bf8 41. Qxf8+ Qxf8 42. Ng6+ Kg7 43. Nxf8 Kxf8 44. Kf2 Ke7 45. Ke3 Kxe6 46. Ke4 h5 47. Kd4 1-0

[Event "BUL-ch sf (Women) 57th"]
[Site "Plovdiv"]
[Date "2008.02.17"]
[Round "6"]
[White "Trifonova, Sandra"]
[Black "Koen, Maja"]
[Result "1/2-1/2"]
[WhiteElo "2013"]
[BlackElo "2162"]
[PlyCount "78"]
[EventDate "2008.02.13"]
[EventType "swiss"]
[EventRounds "7"]
[EventCountry "BUL"]
[SourceTitle "EXT 2010"]
[Source "ChessBase"]
[SourceDate "2010.11.25"]
[SourceVersion "1"]
[SourceVersionDate "2010.11.25"]
[SourceQuality "1"]

1. d4 Nf6 2. c4 e6 3. Nf3 b6 4. g3 Ba6 5. b3 b5 6. Bg2 bxc4 7. Ne5 c6 8. Nxc4 d5 9. Ne5 c5 10. Bb2 Nbd7 11. Nxd7 Qxd7 12. 0-0 Rb8 13. dxc5 Bxc5 14. Be5 Bd6 15. Bxd6 Qxd6 16. Nc3 Qe5 17. Qd2 d4 18. Bc6+ Ke7 19. Na4 Rhd8 20. Rfe1 Bb5 21. Rac1 Bxc6 22. Rxc6 Ne4 23. Qf4 Qxf4 24. gxf4 Rd6 25. Rc7+ Rd7 26. Rec1 Rb5 27. f3 Nf6 28. Rxd7+ Kxd7 29. Rc4 Rd5 30. Nc5+ Ke7 31. Nd3 Nh5 32. Ra4 a5 33. b4 axb4 34. Rxb4 g5 35. fxg5 Rxg5+ 36. Kf2 Ra5 37. Rxd4 Rxa2 38. Rh4 Nf6 39. Rh6 Ra5 1/2-1/2

[Event "EU-ch U14 Girls 17th"]
[Site "Sibenik"]
[Date "2007.09.19"]
[Round "6"]
[White "Danelia, Mariam"]
[Black "Trifonova, Sandra"]
[Result "1/2-1/2"]
[WhiteElo "2066"]
[BlackElo "1889"]
[PlyCount "95"]
[EventDate "2007.09.14"]
[EventType "swiss"]
[EventRounds "9"]
[EventCountry "CRO"]
[SourceTitle "CBM 120 Extra"]
[Source "ChessBase"]
[SourceDate "2007.11.01"]
[SourceVersion "1"]
[SourceVersionDate "2007.11.01"]
[SourceQuality "1"]

1. d4 Nf6 2. c4 g6 3. Nc3 d5 4. cxd5 Nxd5 5. e4 Nxc3 6. bxc3 Bg7 7. Nf3 c5 8. Rb1 0-0 9. Be2 cxd4 10. cxd4 Qa5+ 11. Qd2 Qxd2+ 12. Bxd2 b6 13. 0-0 e6 14. Bb4 Rd8 15. Rbc1 Na6 16. Be7 Rd7 17. Bg5 h6 18. Bh4 g5 19. Bb5 gxh4 20. Rxc8+ Rxc8 21. Bxd7 Rc2 22. a4 Nb8 23. Bb5 a6 24. Bd3 Rc3 25. Rd1 Ra3 26. Bc2 Rc3 27. Bd3 Ra3 28. Bc2 Rc3 29. Rd2 b5 30. axb5 axb5 31. d5 exd5 32. exd5 b4 33. h3 b3 34. Bf5 Rc1+ 35. Kh2 b2 36. d6 Nd7 37. Nxh4 Be5+ 38. g3 Rc6 39. Re2 Rxd6 40. Nf3 Bc3 41. Bc2 Nb6 42. Re3 Bf6 43. g4 Rc6 44. Bf5 Nd5 45. Rb3 Nf4 46. h4 Ne2 47. Kg2 Nf4+ 48. Kh2 1/2-1/2

[Event "EU-ch U14 Girls 17th"]
[Site "Sibenik"]
[Date "2007.09.15"]
[Round "2"]
[White "Sokolova, Vera Evgenyevna"]
[Black "Trifonova, Sandra"]
[Result "1/2-1/2"]
[WhiteElo "2009"]
[BlackElo "1889"]
[PlyCount "71"]
[EventDate "2007.09.14"]
[EventType "swiss"]
[EventRounds "9"]
[EventCountry "CRO"]
[SourceTitle "CBM 120 Extra"]
[Source "ChessBase"]
[SourceDate "2007.11.01"]
[SourceVersion "1"]
[SourceVersionDate "2007.11.01"]
[SourceQuality "1"]

1. e4 c6 2. d4 d5 3. exd5 cxd5 4. c4 Nf6 5. Nc3 g6 6. Qb3 Nbd7 7. Bf4 Bg7 8. Nf3 0-0 9. cxd5 Nb6 10. Bc4 Bf5 11. Ne5 Rc8 12. Rd1 Nxc4 13. Nxc4 Nxd5 14. Nxd5 Qxd5 15. Ne3 Qa5+ 16. Kf1 Qa6+ 17. Kg1 Bd7 18. Qb4 Qxa2 19. h3 Ba4 20. Rd2 Rfd8 21. Qxb7 Bc6 22. Qb4 a5 23. Qb6 Qb1+ 24. Kh2 Qe4 25. Bg3 Bxd4 26. Qxa5 Rd7 27. Rg1 Bxe3 28. Rxd7 Bxd7 29. fxe3 Bc6 30. Qe5 Rd8 31. b4 Rd2 32. Qxe4 Bxe4 33. Be5 f6 34. Bd4 e5 35. Bc5 Rb2 36. h4 1/2-1/2

[Event "Vidin m"]
[Site "Vidin"]
[Date "2007.09.05"]
[Round "6.1"]
[White "Trifonova, Sandra"]
[Black "Papp, Petra"]
[Result "1/2-1/2"]
[WhiteElo "1889"]
[BlackElo "1998"]
[PlyCount "60"]
[EventDate "2007.09.02"]
[EventType "match"]
[EventRounds "6"]
[EventCountry "BUL"]
[SourceTitle "CBM 120 Extra"]
[Source "ChessBase"]
[SourceDate "2007.11.01"]
[SourceVersion "1"]
[SourceVersionDate "2007.11.01"]
[SourceQuality "1"]

1. d4 f5 2. c4 Nf6 3. Nf3 g6 4. g3 Bg7 5. Bg2 d6 6. b3 0-0 7. Bb2 c6 8. 0-0 Na6 9. Nbd2 h6 10. a3 Qe8 11. Qc2 g5 12. e4 f4 13. e5 Nh7 14. exd6 Bf5 15. Qc1 exd6 16. Re1 Qd7 17. Ne4 fxg3 18. hxg3 Bh3 19. Bh1 g4 20. Nh4 d5 21. cxd5 cxd5 22. Nc5 Qf7 23. Qd2 Ng5 24. Re3 Nxc5 25. dxc5 d4 26. Rd3 Rad8 27. Bxd4 Ne6 28. Be3 Rxd3 29. Qxd3 Bxa1 30. Bd5 Rd8 1/2-1/2

[Event "BUL-ch (Women) op"]
[Site "Vratsa"]
[Date "2007.07.26"]
[Round "2"]
[White "Trifonova, Sandra"]
[Black "Todorova, Kalina"]
[Result "1-0"]
[WhiteElo "1889"]
[BlackElo "1729"]
[PlyCount "93"]
[EventDate "2007.07.25"]
[EventType "swiss"]
[EventRounds "9"]
[EventCountry "BUL"]
[SourceTitle "CBM 119 Extra"]
[Source "ChessBase"]
[SourceDate "2007.09.04"]
[SourceVersion "1"]
[SourceVersionDate "2007.09.04"]
[SourceQuality "1"]

1. d4 Nf6 2. Nf3 e6 3. c4 Bb4+ 4. Bd2 Be7 5. Nc3 b6 6. e4 Bb7 7. e5 Ne4 8. Nxe4 Bxe4 9. Bc3 d6 10. Nd2 Bg6 11. f4 Nd7 12. Qf3 0-0 13. 0-0-0 f6 14. exd6 cxd6 15. g4 e5 16. Ne4 Qe8 17. Nxd6 Bxd6 18. Qd5+ Kh8 19. Qxd6 Be4 20. Rg1 Bf3 21. Re1 Rd8 22. Qa3 e4 23. f5 Qf7 24. b3 Nb8 25. Be2 Qc7 26. Qb2 Qxh2 27. Bxf3 Qxb2+ 28. Bxb2 exf3 29. Rgf1 Nc6 30. d5 Nb4 31. Rxf3 Nxa2+ 32. Kb1 Nb4 33. Ba3 a5 34. Rfe3 h6 35. Bxb4 axb4 36. Re6 b5 37. Rb6 bxc4 38. bxc4 Rb8 39. Rxb8 Rxb8 40. Kb2 Kg8 41. Kb3 Kf7 42. d6 g6 43. Re7+ Kf8 44. fxg6 Rd8 45. c5 Rc8 46. g7+ Kg8 47. d7 1-0

[Event "BUL-ch (Women) qual"]
[Site "Pleven"]
[Date "2006.01.31"]
[Round "5"]
[White "Trifonova, Sandra"]
[Black "Zlatanova, Emilia"]
[Result "0-1"]
[WhiteElo "1774"]
[BlackElo "2159"]
[PlyCount "104"]
[EventDate "2006.01.28"]
[EventType "swiss"]
[EventRounds "9"]
[EventCountry "BUL"]
[SourceTitle "CBM 110 Extra"]
[Source "ChessBase"]
[SourceDate "2006.03.10"]
[SourceVersion "2"]
[SourceVersionDate "2006.03.10"]
[SourceQuality "1"]

1. d4 Nf6 2. c4 g6 3. Nf3 Bg7 4. Nc3 d5 5. cxd5 Nxd5 6. e4 Nxc3 7. bxc3 c5 8. Be3 0-0 9. Qd2 Qa5 10. Rc1 Rd8 11. d5 Nc6 12. c4 Qxd2+ 13. Bxd2 Nd4 14. Nxd4 Bxd4 15. Bc3 e5 16. Be2 f5 17. f3 Bd7 18. Bxd4 cxd4 19. Rb1 b6 20. Kd2 Rac8 21. Rhc1 Rc5 22. Bd3 f4 23. g3 Rf8 24. Ke2 Kg7 25. g4 Rfc8 26. Rh1 Ra5 27. Rb2 Ra3 28. Rc1 Rc5 29. Rcc2 Kf6 30. Rb3 Raa5 31. Rbb2 Rc8 32. Rb4 h5 33. gxh5 gxh5 34. Rb1 Rg8 35. Kf2 Ra3 36. Rb3 Ra5 37. Rb1 Ke7 38. Rbb2 Kd6 39. Rc1 Ra3 40. Bf1 Kc5 41. Rd1 Rc3 42. Rdd2 Ra3 43. Rd1 h4 44. Rdd2 Rc3 45. Rd1 Rg7 46. Rdd2 Rc1 47. Rb3 Rc3 48. Rbb2 Ba4 49. Be2 Rc1 50. Bf1 Rg8 51. a3 Rc3 52. Ra2 a6 0-1

[Event "BUL-ch (Women) qual"]
[Site "Pleven"]
[Date "2006.01.30"]
[Round "4"]
[White "Vladimirova, Maria"]
[Black "Trifonova, Sandra"]
[Result "1-0"]
[WhiteElo "1992"]
[BlackElo "1774"]
[PlyCount "141"]
[EventDate "2006.01.28"]
[EventType "swiss"]
[EventRounds "9"]
[EventCountry "BUL"]
[SourceTitle "CBM 110 Extra"]
[Source "ChessBase"]
[SourceDate "2006.03.10"]
[SourceVersion "2"]
[SourceVersionDate "2006.03.10"]
[SourceQuality "1"]

1. e4 c6 2. d4 d5 3. e5 Bf5 4. h4 h6 5. g4 Bd7 6. h5 e6 7. f4 c5 8. c3 Nc6 9. Nf3 Rc8 10. Be3 Qb6 11. Qb3 c4 12. Qxb6 axb6 13. Bh3 Nge7 14. Nh4 b5 15. b4 f5 16. gxf5 Nxf5 17. Bxf5 exf5 18. Ng6 Rg8 19. Nd2 Ra8 20. 0-0-0 Rxa2 21. Kb1 Ra6 22. Bf2 Be7 23. Kb2 Kf7 24. Ra1 Rga8 25. Rxa6 bxa6 26. Bh4 Bf8 27. Ra1 Bxb4 28. cxb4 Nxb4 29. e6+ Bxe6 30. Ne5+ Kg8 31. Kc3 a5 32. Be7 Bf7 33. Rb1 Na2+ 34. Kb2 Nb4 35. Kc3 Na2+ 36. Kb2 Nb4 37. Ra1 Rc8 38. Bc5 Na6 39. Rxa5 Nxc5 40. dxc5 Rxc5 41. Ra8+ Kh7 42. Nxf7 g6 43. hxg6+ Kxg6 44. Ne5+ Kg7 45. Ra7+ Kg8 46. Kc3 Rc8 47. Rb7 d4+ 48. Kxd4 c3 49. Nb3 h5 50. Rxb5 c2 51. Nc1 Ra8 52. Rc5 Ra4+ 53. Rc4 Ra3 54. Rxc2 Kg7 55. Rh2 Kh6 56. Ncd3 Ra4+ 57. Kd5 Ra6 58. Nf3 Kg7 59. Rxh5 Kf7 60. Rxf5+ Kg6 61. Rg5+ Kf6 62. Nc5 Ra1 63. Ne4+ Kf7 64. Rg2 Ra5+ 65. Nc5 Kf6 66. Rg5 Ra1 67. Nd7+ Kf7 68. Nde5+ Kf6 69. Ng4+ Kf7 70. f5 Rd1+ 71. Ke4 1-0

[Event "BUL-ch (Women) qual"]
[Site "Pleven"]
[Date "2006.01.28"]
[Round "1"]
[White "Trifonova, Sandra"]
[Black "Petkova, Veneta"]
[Result "0-1"]
[WhiteElo "1774"]
[BlackElo "1959"]
[PlyCount "116"]
[EventDate "2006.01.28"]
[EventType "swiss"]
[EventRounds "9"]
[EventCountry "BUL"]
[SourceTitle "CBM 110 Extra"]
[Source "ChessBase"]
[SourceDate "2006.03.10"]
[SourceVersion "2"]
[SourceVersionDate "2006.03.10"]
[SourceQuality "1"]

1. d4 e6 2. c4 d5 3. Nf3 Nf6 4. Nc3 Be7 5. Bg5 0-0 6. e3 h6 7. Bh4 b6 8. Qb3 Bb7 9. Bxf6 Bxf6 10. cxd5 exd5 11. Rd1 Re8 12. h3 c6 13. Bd3 Nd7 14. 0-0 g6 15. a4 Rb8 16. Qa2 Bg7 17. b4 Nf6 18. a5 Ne4 19. Rc1 c5 20. bxc5 bxc5 21. Ne2 c4 22. Bxe4 Rxe4 23. Nc3 Re6 24. Rb1 Ra6 25. Rb5 Bc6 26. Rxb8 Qxb8 27. Rb1 Qc7 28. Ra1 Bf8 29. e4 Bb4 30. Nxd5 Bxd5 31. exd5 Rxa5 32. Qb1 Rxa1 33. Qxa1 c3 34. Ne5 c2 35. Nd3 Qc3 36. Qf1 Qxd3 37. Qxd3 c1Q+ 38. Kh2 Bd6+ 39. g3 Qe1 40. Kg2 Qb4 41. Qa6 Qb6 42. Qxb6 axb6 43. Kf3 Kf8 44. Ke4 b5 45. f4 Ke7 46. g4 Kf6 47. h4 Ke7 48. f5 gxf5+ 49. Kxf5 b4 50. Ke4 b3 51. Kd3 b2 52. Kc2 Ba3 53. h5 Kf6 54. d6 Bxd6 55. Kxb2 Kg5 56. Kc2 Kxg4 57. Kd3 Kxh5 58. Ke4 Kg4 0-1

[Event "Wch U12 Girls"]
[Site "Belfort"]
[Date "2005.07.20"]
[Round "2"]
[White "Haast, Anne"]
[Black "Trifonova, Sandra"]
[Result "1-0"]
[WhiteElo "1599"]
[BlackElo "1599"]
[PlyCount "87"]
[EventDate "2005.07.19"]
[EventType "swiss"]
[EventRounds "11"]
[EventCountry "FRA"]
[SourceTitle "CBM 107 Extra"]
[Source "ChessBase"]
[SourceDate "2005.09.01"]
[SourceVersion "1"]
[SourceVersionDate "2005.09.01"]
[SourceQuality "1"]

1. e4 c6 2. d4 d5 3. exd5 cxd5 4. c4 Nf6 5. Nc3 e6 6. Nf3 Bb4 7. cxd5 Nxd5 8. Bd2 0-0 9. Bd3 Be7 10. 0-0 Nc6 11. a3 Nf6 12. Be3 b6 13. Qc2 Bb7 14. Rad1 Rc8 15. Ng5 h6 16. Nf3 Na5 17. Ne5 Bd5 18. Qe2 Bb3 19. Rc1 Nc6 20. Nxc6 Rxc6 21. Qf3 Rc8 22. Ne4 Rxc1 23. Rxc1 Bd5 24. Nxf6+ Bxf6 25. Qh3 Re8 26. Qg3 Bh4 27. Qg4 Qg5 28. f4 f5 29. Qe2 Qf6 30. Rc3 Ba8 31. Qc2 g5 32. fxg5 hxg5 33. Rc7 f4 34. Bh7+ Kh8 35. Qg6 Qd8 36. Rxa7 fxe3 37. Qh6 Re7 38. Qf6+ Kxh7 39. Rxe7+ Qxe7 40. Qxe7+ Kg6 41. Qb4 Kf5 42. Kf1 Kf4 43. Ke2 Ke4 44. Qc3 1-0